| 000 | 00510nam a2200205 4500 | ||
|---|---|---|---|
| 003 | LK-CoMWRAF | ||
| 005 | 20230901030943.0 | ||
| 008 | 230831b1998 |||||||| |||| 00| 0 eng d | ||
| 022 | _a0894107828 | ||
| 040 |
_aLK-CoMWRAF _dLK-CoMWRAF _eLK-CoMWRAF |
||
| 041 | _aeng | ||
| 082 |
_a823 _bZON |
||
| 100 | _aZong-pu, Feng | ||
| 245 | _aThe Everlasting rock | ||
| 250 | _a1st Edition | ||
| 260 |
_aLondon : _bLynne Rienner Publishers, _c1998. |
||
| 300 | _a181p | ||
| 650 | _aRomantic Fictora | ||
| 942 | _cBK | ||
| 999 |
_c3342 _d3342 |
||